Legislación sobre derechos de autor.

Sábháilte in:
Sonraí bibleagrafaíochta
Príomhchruthaitheoir: México. Ley Federal Sobre Derecho de Aotor (autor)
Formáid: LEABHAR
Teanga:Spáinnis
Sraith:(Leyes y cógigos de México).
Ábhair:
Clibeanna: Cuir clib leis
Níl clibeanna ann, Bí ar an gcéad duine le clib a chur leis an taifead seo!

MARC

LEADER 00000nam^a2200000^u^4500
001 000518998
005 20250521000000.0
008 110927s1000^^^^^^^^^^^^r^^^^^000^0^spa^d
009 20260310130430.142
035 |a FCE 000063230 
037 |a Acervo ITESO - Biblioteca 
041 |a spa 
082 0 4 |a 655.6  |b MEXl 
100 |a México. Ley Federal Sobre Derecho de Aotor  |e (autor) 
245 1 0 |a Legislación sobre derechos de autor. 
264 |a México :  |b Porrúa,  |c 1992. 
300 |a 297 p. 
336 |a texto  |b txt  |2 rdacontenido 
337 |a sin mediación  |b n  |2 rdamedio 
338 |a volumen  |b nc  |2 rdasoporte 
440 0 |a (Leyes y cógigos de México). 
649 |a XX 
650 |a Derechos de autor 
650 |a Leyes y legislación 
650 |a Propiedades intelectuales 
650 |a México 
910 |a Fondo Centro de Estudios Educativos 
920 |a Impresos - Libros 
930 |a Fondos Especiales 
905 |a 133 
901 |a ALE071141  |b IT2  |c CEE  |u 20250521 
902 |a https://opac.biblio.iteso.mx/vufind/Record/000518998